| 000 | 00833nam a2200265 i 4500 | ||
|---|---|---|---|
| 001 | 9749 | ||
| 003 | ES-MaACL | ||
| 005 | 20230906145740.0 | ||
| 007 | t| | ||
| 008 | 931228s1991 sp |||| | spa d | ||
| 020 | _a84-7517-343-8 | ||
| 080 | _a87-14"00" | ||
| 100 | 1 |
_aCatulo, Cayo Valerio. _937089 |
|
| 245 | 1 | 0 |
_aPoesía completa _b= C. Valerii Catulli Carmina / _cCatulo ; versión castellana y notas de Juan Manuel Rodríguez Tobal. |
| 246 | 3 | 1 | _aC. Valerii Catulli Carmina |
| 250 | _aEd. bilingüe. | ||
| 260 |
_aMadrid : _bHiperión, _c1991. |
||
| 300 |
_a334 p. ; _c20 cm. |
||
| 490 | 1 |
_aPoesía Hiperión ; _v187 |
|
| 546 | _aTexto en latín y castellano. | ||
| 700 | 1 |
_aRodríguez Tobal, Juan Manuel. _998841 |
|
| 830 | 0 |
_aPoesía Hiperión ; _v187 _9177326 |
|
| 852 |
_aES-MaACL _jL-17259 |
||
| 999 |
_c9749 _d9749 |
||